Las estatuas de la Reforma : noticias biográficas de los personajes en ellas representados /

Salvato in:
Dettagli Bibliografici
Autore principale: Sosa, Francisco (autor)
Natura: Libro
Lingua:spagnolo
Pubblicazione: México : Banco Mexicano Somex : Miguel Angel Porrúa, 1991, c1991
Tags: Aggiungi Tag
Nessun Tag, puoi essere il primo ad aggiungerne!!

MARC

LEADER 00000nam^a2200000^a^4500
001 000436055
005 20250526000000.0
009 20260310123146.938
020 |a 968-842-304-1 
037 |a Acervo ITESO - Biblioteca 
041 |a ESP 
091 |a FHM. 07986 
100 |a Sosa, Francisco  |e (autor) 
245 1 4 |a Las estatuas de la Reforma :  |b noticias biográficas de los personajes en ellas representados / 
264 4 |a México :  |b Banco Mexicano Somex :  |b Miguel Angel Porrúa,  |c 1991, c1991 
300 |a 381 p. ;  |c 24.0 cm. 
336 |a texto  |b txt  |2 rdacontenido 
337 |a sin mediación  |b n  |2 rdamedio 
338 |a volumen  |b nc  |2 rdasoporte 
649 |a XX 
910 |a Fondo Hugo B. Margáin 
920 |a Impresos - Libros 
930 |a Libros Antiguos y Raros 
905 |a 126 
901 |a 0500305190  |b IT2  |c LRA  |i D110004  |u 20250526 
902 |a https://opac.biblio.iteso.mx/vufind/Record/000436055